Green Day- One Of My Lies Lyrics - Statistics

General Stats
  • This quiz has been taken 11 times
  • The average score is 156 of 216
Answer Stats
Answer % Correct
a
100%
an
100%
around
100%
Do
100%
do
100%
I
100%
is
100%
me
100%
one
100%
that
100%
the
100%
to
100%
When
100%
world
100%
you
100%
you?
100%
all
86%
and
86%
And
86%
But
86%
circled
86%
get
86%
high
86%
It
86%
it
86%
it's
86%
its
86%
lies
86%
My
86%
my
86%
no
86%
of
86%
real
86%
realized
86%
so
86%
think
86%
thought
86%
wanna
86%
was
86%
Well,
86%
well,
86%
wrong
86%
younger
86%
can
71%
disposable,
71%
in
71%
indestructible,
71%
just
71%
know
71%
time,
71%
time
71%
touch
71%
truth
71%
you're
71%
'Cause
57%
'cause
57%
knew
57%
be
43%
case
43%
dreams
43%
forever?
43%
forever
43%
future
43%
have
43%
reality,
43%
tragic
43%
Why
43%
Why?
43%
yeah
43%
as
29%
at
29%
Before
29%
call
29%
dead
29%
death
29%
does
29%
Don't
29%
Her
29%
immortal
29%
into
29%
life
29%
much
29%
own?
29%
said
29%
small,
29%
there
29%
thoughts
29%
turned
29%
answer,
14%
been
14%
down
14%
give
14%
hardly
14%
laid
14%
mother
14%
myself
14%
night
14%
once,
14%
pray
14%
right
14%
too
14%
Unless
14%
used
14%
you've
14%
No matching quizzes found
Score Distribution
Percent of People with Each Score
Percentile by Number Answered
Your Score History
You have not taken this quiz